nadopuni stihove 2 - Statistics

General Stats
  • This quiz has been taken 38 times
  • The average score is 11 of 34
Answer Stats
Pjesme Odgovori % Correct
______, ______ Koga si noćas Varala, varala Dok si njega sanjala svu noć tamara
83%
Ti ideš vani __ _______I drugu grliš oko struka Ti ideš kući, pjevajući A ja moram biti sama ko tsunami
71%
Tebi je uvijek, od početka bilo ravno, ravno A ja zaljubio se - __________ maksimalno
71%
____ __ Zato što svoje volim Volim najviše Što sam branio moje najdraže sude mi
63%
___ __ _ ____ _______ Gubim kontrolu, prihvaćam tvoja pravila sto si u kavu stavila
58%
A na radiju je bila ljubavna pjesma Moja ruka na tvom ramenu Tamo na cesti __ __ ______ ____ Na vrućem asfaltu mi je ostalo srce
54%
Bila sam _____ ____ ________
(Ša-la-la-la-la, ša-la-la-la-la)
Sva tvoja ljubav tu je ostala
tvoja prva djevojka
54%
Sunce kad upeče da ti hlad napravi ____, kad puhne ____ Da se imaš iza koga sakriti jugo
50%
Kad bi' bila ja tvoja voljena Nikada te ne bi' pustila A ti ne gledaš i ne osjećaš Da sam ja __ ____ _______ za tebe stvorena
46%
Mjesec nas zove da priđemo bliže ______ ___ ____ __ __ _______ _____ Za to ne treba ti valjani razlog Za to ne trebaju filozofije andeli nas zovu da im skinemo krila
42%
Pored tebe sjajim k'o Vegas i Dubai, Ja sam tvoja ___ __________ kim kardashian
42%
Malo ti malo svitla posudi A moju ljubav uzeli I potrošili _____ ____ krivi ljudi
42%
___ ____, jedina moja Za kog ću živjeti? Za koga umrijeti? bez tebe
38%
____ Još ponekad samo Povedi me tamo I ne daj da odem sonja
38%
Odem ispod tuša
Da se operem od smrti
Onda nazad do tog kluba
Gdje mi __ _____ ____
dj gaber vrti
33%
___ __ __ ____ _____ Na bilo kojem mistu Opet bi bira' tebe I ovu ljubav istu kad bi se moga rodit
33%
A ti s tri upravljača, spuštenih gaća
Komade pice guraš u lice
Ko kome ____ _ _______ ______ Koliko košta nova frizura
gura u svijetu glamura
29%
____ ____, ____ ____, Ludi smo al dobro nam je svima Kolko nas ima, kolko nas ima luda kuca
29%
Ma, ______ __ ______ i parfem nabaci Jer nisu svi muški kreteni, luđaci nasmij se sestro
29%
Poludi kao ja _ ________zatvori oci i nebu sapni da zauvijek sa mnom bi letjela u visinama
25%
Za srecu i suze sto ona ih proli Ja ne mogu _____ ____ __ __ ___ drugo nego da je volim
21%
Radujem se svima
Ko god da mi dodje
____ ____ ____ Samo da me vidis
bolji nego ikad
17%
Ja san volija nju Al' zatvaran vrata Za ljubav falšu san da ____ __ _____ _____ veru od suvog zlata
17%
Nebeskim stazama od srebra Ljubav dolazi ______ _____ dolazi ljubav
13%
Nije lako kad te život udari Ako padneš digni glavu, ustani Ne čekaj da se čudo dogodi _____,__ ______ __ kreni ne okreci se
13%
Skupi svoju šaku da je udarim šakom ________ ____ ne daje se svakom brutalna besa
8%
___ ___ ___ koliko ošSvima se ljulja vise manje ima nas jos
8%
____ ___ ______ _____ Bit' ću dobar pred svima za dvoje Neću reć' da si prokleta, slijepa I da te volim i da si mi lijepa kako nam stvari stoje
8%
_____ ______ ___ ______ ______ Dođe i svaka želja počinje tu Moja bol i sreća putuju s njom ljubav putuje pod laznim imenom
8%
____ _____ ispod mjeseca Moja curica moju pjesmu ne čuje gori ulica
4%
To je ___ ___ ______pa te zaustave pred vratima koja vode u raj kao kad krenes
4%
______ _______ za svjetlost ______ _______ za mrak Ja sve više trebam te Udišem te kao zrak tisucu razloga
4%
_____ __ ___ ___ _____ Dozvati kišu s neba Glumiti da me voliš Kad ti treba mozes ti sve sto hoces
0%
____ __ __ ______ Noći mračna Naša je ljubav rijeka Beskonačna vidi se iz daleka
0%
No matching quizzes found
Score Distribution
Percent of People with Each Score
Percentile by Number Answered
Your Score History
You have not taken this quiz